| 000 | 005210000a22001810004500 | ||
|---|---|---|---|
| 003 | MACL | ||
| 005 | 20160218121719.0 | ||
| 008 | 160218b xxu||||| |||| 00| 0 eng d | ||
| 040 |
_aMACL _cMACL |
||
| 041 | _aHindi | ||
| 082 | _a400 | ||
| 100 |
_aखरे डॉ. रामस्वरूम _938820 |
||
| 245 | _aभाषा विज्ञान | ||
| 260 |
_bसरस्वती प्रकाशन _c1985 _aकानपुर |
||
| 350 | _a55 | ||
| 650 |
_aLanguage _938821 |
||
| 942 |
_cHIN _k400 _2ddc |
||
| 999 |
_c28627 _d28627 |
||